• 首页
  • 本馆介绍
  • 公告通知
  • 最新文献
  • 馆藏检索
  • 电子资源
  • 读者导购
  • 参考咨询
  • 我的图书馆
  • 登录
  • 详细信息显示
  • 放入我的书架
  • 预约/预借图书
  • 作者相关作品
  • 分类相关作品
  • 丛书相关作品
  • 出版社相关作品

书目信息

  • 表格格式
  • 工作单格式
  • 卡片格式
题名:
五年高考真题汇编详解
    
 
作者: 北京天利考试信息网 编
分册:   数学
出版信息: 拉萨   西藏人民出版社  2024
页数: 32页
开本: 30cm
丛书名:
单 册:
中图分类: G632.479
科图分类:
主题词: 数学课--解题--自学参考资料
电子资源:
ISBN: 978-7-223-02561-4
000 00970nam0 2200229 450
001 012024000861
005 20241119081502.0
010    @a978-7-223-02561-4@dCNY49.80
100    @a20241119d2024 em y0chiy50 ea
101 0  @achi
102    @aCN@b540000
105    @ay z 000yy
106    @ar
200 1  @a五年高考真题汇编详解@Agao kao zhen ti hui bian xiang jie@i数学@f北京天利考试信息网编
210    @a拉萨@c西藏人民出版社@d2024
215    @a32页@d30cm
330    @a从2004年开始,全国有十几个省市单独命制高考试题,因此,近几年各省市高考真题对广大高三学生十分有用。本书汇集了2007年全国各省市优秀的数学高考试题并加以点评解析,供高三学生了解近年高考考核的内容、考点、形式和命题走向,也可供高三学生自行练习。
606 0  @a数学课@x解题@j自学参考资料
690    @aG632.479@v5
701  0 @a北京天利考试信息网@Abei jing tian li kao shi xin xi wang@4编
801  0 @aCN@bAHXH@c20241119
905    @b214169996@b214169987@b214169978@b214169969@b214169950@dG632.479@e1687@f5
    
    五年高考真题汇编详解.数学/北京天利考试信息网编.-拉萨:西藏人民出版社,2024
    32页;30cm
    
    
    ISBN 978-7-223-02561-4:CNY49.80
    从2004年开始,全国有十几个省市单独命制高考试题,因此,近几年各省市高考真题对广大高三学生十分有用。本书汇集了2007年全国各省市优秀的数学高考试题并加以点评解析,供高三学生了解近年高考考核的内容、考点、形式和命题走向,也可供高三学生自行练习。
●
相关链接 在E读中查询图书 在五车中查询图书 在当当中查询图书 在豆瓣中查询图书


正题名:五年高考真题汇编详解     索取号:G632.479/1687         预约/预借

序号 登录号 条形码 馆藏地/架位号 状态 备注
1 1416995   214169950   第一样本阅览室/ [索取号:G632.479/1687] 在馆    
2 1416996   214169969   第四借阅区/ [索取号:G632.479/1687] 在馆    
3 1416997   214169978   第四借阅区/ [索取号:G632.479/1687] 在馆    
4 1416998   214169987   第四借阅区/ [索取号:G632.479/1687] 在馆    
5 1416999   214169996   第四借阅区/ [索取号:G632.479/1687] 在馆    
唐山师范学院图书馆 欢迎您!
大连网信软件有限公司© 版权所有